| 000 | 01640nam0a22003251 4500 | ||
|---|---|---|---|
| 001 | rc\4644059 | ||
| 005 | 20130416201639.6 | ||
| 021 |
_aRU _bРг1982-69 |
||
| 021 |
_aRU _b68-107248 |
||
| 035 | _a(NLR Aleph) 008409856 | ||
| 090 |
_a9289535 _c9289535 |
||
| 100 | _a20130416d1968 |||y0rusy50 ca | ||
| 101 | 0 |
_arus _abel _aeng _afre |
|
| 102 | _aRU | ||
| 105 | _aa z ||||| | ||
| 200 | 1 | _aРазвитие высшей школы в Белоруссии за годы Советской власти | |
| 210 |
_aМинск _cВышэйшая школа _d1968 |
||
| 215 |
_a82 с. _cил. _d12х17 |
||
| 300 | _aНа обороте тит. л.: подготовил В.В. Смоленко | ||
| 300 | _aТекст парал. на рус., бел., англ. и фр. яз. | ||
| 300 | _aЗагл. также на бел. яз.: Развiцце вышэйшай школы у Беларусi за гады савецкай улады; на англ. яз. - The development of higher education in Byelorussia in the jears of soviet pover; на фр. яз. - Developpment de L’ecole superieure en Bielorussie pendant les annees du pouvoir sovietigue | ||
| 517 | 0 | _aThe development of higher education in Byelorussia in the jears of soviet pover | |
| 517 | 0 | _aРазвiцце вышэйшай школы у Беларусi за гады савецкай улады | |
| 517 | 0 | _aDeveloppment de L’ecole superieure en Bielorussie pendant les annees du pouvoir sovietigue | |
| 700 | 1 |
_aСмолянко _bВ. В. |
|
| 801 | 0 |
_aRU _bNLR _gpsbo |
|
| 801 | 1 |
_aRU _bELAR _2rusmarc |
|
| 852 |
_aNLR _j69-2/335 |
||
| 942 | _cBOOK | ||
| 980 | _aNB | ||